000 00842nam a2200217 a 4500
001 000025608
005 20200930023919.0
008 110218s2002 mx r 000 0 spa d
020 _a9682323878
040 _aDO-SdBNP
_bspa
_cBNPHU
082 _axxxxx
_bP112f
245 0 0 _aPaulo Friere y la formación de educadores :
_bmúltiples miradas /
_ccoordinación Ana María Saul, [et. al.]... ; traducción Alma Delia Miranda Aguilar.
260 _aMéxico, D. F. :
_bSiglo Veintiuno Editores,
_c2002.
300 _a367 p. ;
_c21 cm.
490 1 _aEducación (Mexico City, Mexico)
534 _pTítulo original:
_tPaulo Friere e a formação de educadores: múltiplos olhares
700 1 _aSaul, Ana María
_952300
700 1 _aMiranda Aguilar, Alma Delia,
_etr.
_952301
830 0 _aEducación (Mexico City, Mexico)
_952302
049 _aBNGR
999 _c25100
_d25100